000 00598nam a2200229Ia 4500
003 OSt
005 20220928102739.0
006 a|||||r|||| 00| 0
007 ta
008 220927b |||||||| |||| 00| 0 eng d
024 _a43189
037 _cTextual
040 _aSDCL
_cSDCL
_beng
041 _2eng
_aeng
082 _aV23671:51'N19, M4
100 _aDutt V N
_9400154
245 0 _aJallianwala Bagh
260 _aChandigarh
_bHaryana Sahitya Akademi
_c1984
300 _a178p
_ccm.
942 _hV23671:51'N19, M4
_cTEXL
_2CC
999 _c716066
_d716066